Т. 75, № 6; Ядерная физика

מידע ביבליוגרפי
Parent link:Ядерная физика/ Российская академия наук. Т. 75, № 6.— , 1965-
שפה:רוסית
יצא לאור: 2012
פורמט: ספר
KOHA link:https://koha.lib.tpu.ru/cgi-bin/koha/opac-detail.pl?biblionumber=480655

MARC

LEADER 00000nam2a2200000 4500
001 480655
005 20231101093603.0
035 |a (RuTPU)RU\TPU\prd\147894 
090 |a 480655 
100 |a 20120822a19659999k y0rusy50 ca 
101 0 |a rus 
102 |a RU 
200 0 |a Т. 75, № 6 
210 |d 2012 
461 1 |0 (RuTPU)RU\TPU\prd\397  |t Ядерная физика  |f Российская академия наук  |v Т. 75, № 6  |d 1965- 
801 0 |a RU  |b 63413507  |c 20010227  |g PSBO 
801 1 |a RU  |b 63413507  |c 20120822 
801 2 |a RU  |b 63413507  |c 20210111  |g RCR 
942 |c BK 
999 |a НТБ_ТПУ  |b НФ  |e -1/20120110  |p П-7300  |s 7/20110919  |u 0,00  |v 1